| 000 | 00541nam a2200181 i 4500 | ||
|---|---|---|---|
| 001 | 51710 | ||
| 003 | ES-MaACL | ||
| 005 | 20230906162423.0 | ||
| 007 | t| | ||
| 008 | 030818s1954 sp ||||1| spa d | ||
| 100 | 1 |
_aDanielsson, Bengt. _942637 |
|
| 245 | 1 | 3 |
_aLa Isla de la "Kon-Tiki" / _cBengt Danielsson ; [versión de J. Rico Godoy]. |
| 250 | _a[1ª ed.]. | ||
| 260 |
_aBarcelona : _bJuventud, _c[1954] ( _fAtenas) |
||
| 300 |
_a271 p., 9 lám. ; _c23 cm. |
||
| 700 | 1 |
_aRico Godoy, José. _997026 |
|
| 852 |
_aES-MaACL _jC-8637 _bR.36797 |
||
| 999 |
_c51710 _d51710 |
||